000 00595nam a2200229Ia 4500
003 OSt
005 20220928114733.0
006 a|||||r|||| 00| 0
007 ta
008 220927b |||||||| |||| 00| 0 eng d
024 _a40414
037 _cTextual
040 _aSDCL
_cSDCL
_beng
041 _2eng
_aeng
082 _aNW, P8
100 _aSinger Irving
_9440686
245 0 _aCinematic mythmaking
_b Philosophy in film.
260 _aLondon
_bMIT Press
_c2008
300 _ax,245p.
_ccm.
942 _hNW, P8
_cTEXL
_2CC
999 _c756223
_d756223